000
00340nam a22001577a 4500
005
20160625112823.0
008
160625b xxu||||| |||| 00| 0 eng d
020
_a
978-81-314-1576-4
041
_a
eng
082
_b
10036
245
_a
Corporate Going Green
260
_b
IUP
300
_a
265
650
_a
Management
_9
241
942
_c
BK
999
_c
3969
_d
3968